Measurement for evaluation in physical education and exercise science (Record no. 585073)
[ view plain ]
| 000 -LEADER | |
|---|---|
| fixed length control field | 00668nam a22001817a 4500 |
| 003 - CONTROL NUMBER IDENTIFIER | |
| control field | CEME |
| 005 - DATE AND TIME OF LATEST TRANSACTION | |
| control field | 20210628210609.0 |
| 008 - FIXED-LENGTH DATA ELEMENTS--GENERAL INFORMATION | |
| fixed length control field | 210210b xxu||||| |||| 00| 0 eng d |
| 020 ## - INTERNATIONAL STANDARD BOOK NUMBER | |
| International Standard Book Number | 0-697-15218-9 |
| 040 ## - CATALOGING SOURCE | |
| Transcribing agency | . |
| 082 ## - DEWEY DECIMAL CLASSIFICATION NUMBER | |
| Classification number | 796.07 BAU |
| 100 ## - MAIN ENTRY--PERSONAL NAME | |
| Personal name | Jackson, Andrew.S Baumgartner, Ted.A |
| 9 (RLIN) | 80108 |
| 245 ## - TITLE STATEMENT | |
| Title | Measurement for evaluation in physical education and exercise science |
| 260 ## - PUBLICATION, DISTRIBUTION, ETC. | |
| Place of publication, distribution, etc. | LOWA |
| Name of publisher, distributor, etc. | BROWN AND BENCHMARK |
| Date of publication, distribution, etc. | 1995 |
| 300 ## - PHYSICAL DESCRIPTION | |
| Extent | 460P |
| 650 ## - SUBJECT ADDED ENTRY--TOPICAL TERM | |
| Topical term or geographic name entry element | PHYSICAL EDUCATION-USE OF COMPUTERS EXERCISE SCIENCE-USE OF COMPUTERS PERFORMANCE TESTING YOUTH FITNESS-EVALUTION FITNESS EVALUTION BODY COMPOSITION EVALUTION AEROBIC FITNESS |
| 9 (RLIN) | 80109 |
| 942 ## - ADDED ENTRY ELEMENTS (KOHA) | |
| Koha item type | Book |
| Source of classification or shelving scheme | |
| Withdrawn status | Lost status | Damaged status | Not for loan | Permanent Location | Current Location | Shelving location | Date acquired | Total Checkouts | Full call number | Barcode | Date last seen | Price effective from | Koha item type |
|---|---|---|---|---|---|---|---|---|---|---|---|---|---|
| College of Electrical & Mechanical Engineering (CEME) | College of Electrical & Mechanical Engineering (CEME) | General Stacks | 07/06/2017 | 796.07 BAU | CEME-34465 | 06/28/2021 | 06/28/2021 | Book |
